| 000 | 00530nam a2200181Ia 4500 | ||
|---|---|---|---|
| 008 | 090122s9999 xx 000 0 und d | ||
| 082 |
_b13474 _a891.463 |
||
| 100 |
_aदेवधर _bविजय |
||
| 245 | _a007- डॉ. नो. | ||
| 260 |
_bमेहता पब्लिशिंग हाऊस _c2008 |
||
| 300 | _a322 | ||
| 501 | _a219/ ललित वितरण | ||
| 600 | _aदेवधर | ||
| 630 | _a007- डॉ. नो. | ||
| 700 | _aदेवधर | ||
| 730 | _a007- डॉ. नो. | ||
| 942 | _cBOOK | ||
| 999 |
_c37551 _d37551 |
||